MDQL
is popping MORE tags! Check the
thread
!
Quizzes
Events
Quiz Creation
Community
Videos
Private Events
Remove Ads
Sign In
Join for FREE
Feedback
Dark Mode
Quiz Categories
Sports
Geography
Music
Movies
Television
Just For Fun
Miscellaneous
History
Literature
Language
Science
Gaming
Entertainment
Religion
Holiday
For Kids
Quiz Lab
Recent
Popular Today
Quiz Kudos Today
Editor Picks
Curator Picks
Quizzes by...
Day
Popularity
Type
Ratings
Length
Year
Community
Subscriptions
Recent Discussions
Orange Saloon
Badges
Playlists
Quests
Create
Leaderboards
Showdown
Live 5
Trivia Bingo
Activity
Puzzle Library
Sporcle Events
Private Events
Virtual Trivia
Globe League
Become a Host
Pub Owners
SporcleCon
Opinionation
Our Games
Videos
Blog
Mobile Apps
Partnerships
Remove Ads and Go Orange
Feedback
Television
TV Characters
TV Show
Sitcom
Network
Friends
Reality Shows
Cast
South Park
Star Trek
The Simpsons
Doctor Who
Television
TV Characters
TV Show
Sitcom
Network
Friends
Reality Shows
Cast
South Park
Star Trek
The Simpsons
Doctor Who
Random Quiz
Search Sporcle
×
Quiz Lab
Quiz Lab
Television
Toys
Type answers based on single images at one time
Type answers based on single images at one time
Slideshow
Best Score? Go Orange.
25 Transformers ID Game Stats
Can you name the Transformers Characters?
By
QuizKnight
9m
25 Questions
338 Plays
338 Plays
338 Plays
Comments
Comments
Give Quiz Kudos
Give Quiz Kudos
-
- Ratings
hide this ad
More Info
Replay
Link that replays current quiz
Next Quiz
Link to next quiz in quiz playlist
You Got
0%
They Got
Avg Score
70%
Avg Friend Score
Upgrade to see
Score Distribution
Jump to the score distribution portion of the page
Score
0/25
Timer
09:00
0
Plays Today
% Correct
Rodimus
90.2%
Bumblebee
87.6%
Starscream
86.7%
Soundwave
85.8%
Jazz
85.5%
Arcee
83.7%
Grimlock
83.1%
Unicron
81.4%
Ironhide
80.8%
Ratchet
80.2%
Shockwave
79.6%
Optimus Prime
79.3%
Laserbeak
79.3%
% Correct
Prowl
78.7%
Megatron
76.6%
Blurr
74.6%
Devastator
68%
Thundercracker
56.5%
Jetfire
54.1%
Blackarachnia
53.3%
Hot Shot
48.2%
Scorponok
45.9%
Demolishor
45.9%
Omega Supreme
42.9%
Tidal Wave
40.8%
Quiz Playlist
Details
Report
Send in Message
Add To Playlist
More Info:
All Images property of the Transformers WIKI
Slideshow:
Type answers based on single images at one time
Last Updated: Feb 16, 2017
Quiz Scoreboard
CHALLENGE
Sign Up to Join the Scoreboard
Show All
Scores
Hide
Comments
May contain spoilers
Recently Published
Two Season TV Shows II
by 123Four
Television
10m
Image Sorting: Flags VI
by Barbecue
Geography
2m
Find the 'City' Movie
by crazypaving
Movies
60s
More to Explore
Quiz From the Vault
Featured Blog Post
14 Easter Pick-up Lines to Find Eggs With
hide this ad
You Might Also Like...
Tags
Cartoons Quiz
Toys Quiz
Cartoon Characters
decepticon
G1 Transformers
hasbro
Transformers
Transformers Autobots
Today's Top Quizzes in Television
Browse Television
hide this ad
Today's Top Quizzes in Toys
Browse Toys
Top Contributed Quizzes in Television
1
Survivor Journey Challenge
2
Adjectives in 00s TV Shows
3
Brooklyn Nine Nine Logic Puzzle (How-To-Play)
4
Even More Two Season TV Shows
5
Total Drama Characters
6
Survivor Logic Puzzle: Heroes vs. Villains
7
Adjectives in 10s TV Shows
8
Survivor Heroes vs. Villains Logic Puzzle
9
Phoebe Buffay Quotes
10
Survivor Seasons
Explore More
Trending Topics
Crossword
Disney
Marvel
Anime
Kpop
Harry Potter
NBA
WWE
Song
Puzzle
Soccer
Pokémon
Country
The Office
NFL
hide this ad
More By:
QuizKnight
Quiz
Plays
Rating
Category
Featured
Created
Two Clues for One Answer
53,463
4.54
Just For Fun
Feb 19, 2016
Real or Fictional Sorting Gallery
31,911
4.28
Miscellaneous
Jan 16, 2017
Clue: Accuse the Actors
28,187
4.46
Movies
Jul 30, 2016
Analogy Test: Geography
28,020
4.58
Geography
Jul 12, 2019
Analogy Test: Sports
22,881
4.01
Sports
Apr 30, 2019
Go to Creator's Profile
Score Distribution
Quiz Creator Spotlight
QuizKnight
Follow
Send a Message
Quizzes Created
-
Created Quiz Play Count
-
More By This Creator
Popular Quizzes Today
1
Find the US States - No Outlines Minefield
2
Colored Red Africa Blitz
3
Find the 'City' Movie
4
5x2 Blitz: Bands
5
The Countries of the World
6
Find the Countries of Europe - No Outlines Minefield
7
Find the US States
8
US States
More Television Quizzes
Criteria Quiz: Star Trek: The Original Series
Curator's Pick
Trending Quizzes
Colored Red Europe Blitz I
Colored Red Africa Blitz II
Colored Red Europe Blitz II
Colored Red Europe Blitz III
Colored Red Africa Blitz III
Recently Updated
How Do You Spell That?
pecheneg
Godzilla Movies
pecheneg
Grab Bag: 4-10 Letters
pecheneg
2024 March Madness Bracket
pecheneg
Famous TV Couples
Peacemaker
Champions League XIs: Real Madrid
pecheneg
Largest US Cities 1790-2010
pecheneg
Rides in Walt Disney World
pecheneg
Most Oscar Losses (Acting)
pecheneg
Beyoncé Albums
pecheneg
Trending Topics
Anime
Disney
Marvel
Kpop
Harry Potter
Crossword
NBA
Pokémon
Song
Soccer
NFL
WWE
Country
Puzzle
The Office
Your Account Isn't Verified!
In order to create a playlist on Sporcle, you need to verify the email address you used during registration. Go to your
Sporcle Settings
to finish the process.
Report this User
Report this user for behavior that violates our
Community Guidelines
.
Details:
Send Report
Go to the Sporcle.com Mobile Site →
Comments